Entry Personal Name
Number of records used in: 5
001 - CONTROL NUMBER
003 - CONTROL NUMBER IDENTIFIER
005 - DATE AND TIME OF LATEST TRANSACTION
- control field:
20160427104747.0
008 - FIXED-LENGTH DATA ELEMENTS
- fixed length control field:
160427|| aca||aabn | a|a d
040 ## - CATALOGING SOURCE
- Original cataloging agency:
OSt
- Transcribing agency:
OSt
100 ## - HEADING--PERSONAL NAME
- Personal name:
Tanenbaum, Andrew S.
670 ## - SOURCE DATA FOUND
- Source citation:
Work cat.: (OSt): Tanenbaum, Andrew S., Computer Networks, 2009